000
00244nam a22001217a 4500
003
SGT
082
_a
370
_b
SHA
100
_a
SHAH, N.M
245
_a
STATISTICS FOR ECONOMICS
260
_a
DELHI
_b
ARYA
_c
2018
300
_a
406
942
_2
ddc
_c
BK
999
_c
19023
_d
19023